| 000 | 00732nam a2200229 a 4500 | ||
|---|---|---|---|
| 001 | 51404 | ||
| 003 | BD-RjUL | ||
| 005 | 20211209075644.0 | ||
| 008 | 160830s1956 enk 000 0 eng | ||
| 035 | _a(BD-RjUL)51524 | ||
| 040 |
_aDLC _cZT2 _dOAU _dOCoLC _dDLC _dBD-RjUL _beng |
||
| 041 | _aeng | ||
| 082 |
_a510.805 _bREC 1956 |
||
| 245 | 0 | 0 |
_aRectangular-polar conversion tables / _cDesigned and compiled by E.H. Neville. |
| 260 |
_aCambridge : _bUniversity Press, _c1956. |
||
| 300 |
_axxxii, 109 p. ; _c28 cm. |
||
| 490 | 0 |
_aRoyal Society mathematical tables, _v2 |
|
| 650 | 0 |
_aMathematics _xTables. _9153788 |
|
| 700 | 1 |
_aNeville, Eric Harold, _d1889- _eDesigner and compiler _9153789 |
|
| 942 |
_2ddc _cBK |
||
| 999 |
_c51404 _d51404 |
||